पद्मावत और रामचरितमानस में चित्रित प्रेम (Record no. 1235380)
[ view plain ]
| 000 -LEADER | |
|---|---|
| fixed length control field | 00896nam a2200241Ia 4500 |
| 003 - CONTROL NUMBER IDENTIFIER | |
| control field | OSt |
| 005 - DATE AND TIME OF LATEST TRANSACTION | |
| control field | 20250908143519.0 |
| 008 - FIXED-LENGTH DATA ELEMENTS--GENERAL INFORMATION | |
| fixed length control field | 008 250107s9999 xx 000 0 hin d |
| 020 ## - INTERNATIONAL STANDARD BOOK NUMBER | |
| International Standard Book Number | 91-120-2404430-35 |
| 037 ## - SOURCE OF ACQUISITION | |
| Stock number | TB |
| 040 ## - CATALOGING SOURCE | |
| Original cataloging agency | CRL |
| Language of cataloging | hin |
| Transcribing agency | CRL |
| 041 ## - LANGUAGE CODE | |
| Language code of text/sound track or separate title | hin |
| Source of code | hin |
| 084 ## - COLON CLASSIFICATION NUMBER | |
| Classification number | O152,1I80,1:g(S:55) R2 |
| 084 ## - COLON CLASSIFICATION NUMBER | |
| Assigning agency | CRL |
| 100 ## - MAIN ENTRY--PERSONAL NAME | |
| Personal name | नामदेव, रीता, ले. |
| 9 (RLIN) | 820296 |
| 245 #0 - TITLE STATEMENT | |
| Title | पद्मावत और रामचरितमानस में चित्रित प्रेम |
| Statement of responsibility, etc. | नामदेव, रीता, ले. |
| 260 ## - PUBLICATION, DISTRIBUTION, ETC. | |
| Place of publication, distribution, etc. | झॉंसी, भारत |
| Name of publisher, distributor, etc. | रेडविक बुक |
| Date of publication, distribution, etc. | 2992 |
| 300 ## - PHYSICAL DESCRIPTION | |
| Extent | 261पृ0 |
| 365 ## - TRADE PRICE | |
| Price type code | INR |
| Price amount | 400 |
| 650 ## - SUBJECT ADDED ENTRY--TOPICAL TERM | |
| Topical term or geographic name entry element | हिन्दी कविताहिन्दी साहित्य |
| 9 (RLIN) | 729733 |
| 942 ## - ADDED ENTRY ELEMENTS (KOHA) | |
| Koha item type | Textbook |
| Classification part | O152,1I80,1:g(S:55) R2 |
| Source of classification or shelving scheme | Colon Classification (CC) |
| Suppress in OPAC | No |
| Withdrawn status | Lost status | Damaged status | Not for loan | Home library | Current library | Date acquired | Source of acquisition | Cost, normal purchase price | Total Checkouts | Full call number | Barcode | Date last seen | Price effective from | Koha item type |
|---|---|---|---|---|---|---|---|---|---|---|---|---|---|---|
| Central Library | Central Library | 2025-01-08 | Gift, 02/10/2023, | 400.00 | O152,1I80,1:g(S:55) R2 | CL1698990 | 2025-01-08 | 2025-01-08 | Textbook |
